000 00970nam a22002177a 4500
999 _c18813
_d18813
003 BDDh-ASL
005 20231015025735.0
008 201028s1997 b ||||| |||| 00| 0 b d
040 _aBDDh-ASL
_cBDDh-ASL
041 _aben
082 _a297.954
_bKHS
100 1 _91095
_aখান, মো. মাইমুল আহসান
245 1 0 _aসমকালীন মুসলিম বিশ্বঃ ইসলাম ও বাংলাদেশ /
246 _aContemporary Muslim World: Islam and Bangladesh by Dr. Md. Mainul Ahsan Khan.
260 _aঢাকা :
_bIIRO,
_c1997.
300 _a৩১৯ পৃ. :
_c২২ সে. মি.
504 _aIncludes bibliographical references and index.
650 0 _aইসলাম ধর্ম , Isalāma dharma, Islam, Religion, Mohammedism, Mohammadan, Mohammedan, Muhammadan, Islamic Relition, Peace
_9747
651 0 _9615
_aবাংলাদেশ
_xইসলাম ধর্ম
942 _2ddc
_cBK